| 000 | 00391nam a2200145Ia 4500 | ||
|---|---|---|---|
| 008 | 240624s9999 xx 000 0 und d | ||
| 041 | _aeng | ||
| 082 | _a658.802 MCD | ||
| 100 | _aMCDONALD MALCOLM | ||
| 245 | _aMARKETING PLANS HOW TO PREPARE THEM HOW | ||
| 250 | _a(7th ed.) | ||
| 260 |
_c2011 _aUnited Kingdom _bJohn Wiley & Sons |
||
| 300 | _axvi, : 573 : p. : cm. ; 24 | ||
| 365 |
_c _b27 |
||
| 999 |
_c17774 _d17774 |
||